000 00264nam a22001097a 4500
008 170123b xxu||||| |||| 00| 0 eng d
020 _a9780805335231
041 _aeng
080 _23RD
_a618.2
245 _aPROFESSIONAL NURSING PRACTICE
_cKOZIER, B
942 _2udc
_cBK
999 _c3346
_d3346